[Event "IBCA EU-chT blind 2nd"]
[Site "Calimanesti"]
[Date "2019.10.09"]
[Round "5.4"]
[White "Vela Ignacio, Jose Manuel"]
[Black "Kiss, Zoltan"]
[Result "1-0"]
[WhiteElo "2043"]
[BlackElo "1997"]
[PlyCount "34"]
[EventDate "2019.10.05"]
[EventType "team-swiss"]
[EventRounds "9"]
[EventCountry "ROU"]
[SourceTitle "CBM 192 Extra"]
[Source "Chessbase"]
[SourceDate "2019.11.06"]
[SourceVersion "1"]
[SourceVersionDate "2019.11.06"]
[SourceQuality "1"]
[WhiteTeam "Spain"]
[BlackTeam "Hungary"]
[WhiteTeamCountry "ESP"]
[BlackTeamCountry "HUN"]

1. e4 e5 2. Nf3 Nc6 3. Bc4 Nf6 4. Ng5 d5 5. exd5 Na5 6. Bb5+ c6 7. dxc6 bxc6 8. Qf3 h6 9. Ne4 Be7 10. Nbc3 Bb7 11. Nxf6+ Bxf6 12. Bd3 c5 13. Be4 Bxe4 14. Nxe4 Rc8 15. Qc3 Nb7 16. Qb3 Qd7 17. Qxb7 Qxb7 1-0

[Event "HUN-chT2 Asztalos 1516"]
[Site "Hungary"]
[Date "2015.10.04"]
[Round "2.2"]
[White "Kiss, Zoltan"]
[Black "Kiss, Tamas B"]
[Result "1-0"]
[WhiteElo "2053"]
[BlackElo "1995"]
[PlyCount "63"]
[EventDate "2015.09.13"]
[EventType "team-tourn"]
[EventRounds "11"]
[EventCountry "HUN"]
[SourceTitle "CBM 170 Extra"]
[Source "ChessBase"]
[SourceDate "2016.02.25"]
[SourceVersion "1"]
[SourceVersionDate "2016.02.25"]
[SourceQuality "1"]
[WhiteTeam "Pet"]
[BlackTeam "Pecs Karmin"]
[WhiteTeamCountry "HUN"]
[BlackTeamCountry "HUN"]

1. e4 d6 2. d4 Nf6 3. Nc3 g6 4. Be2 Bg7 5. Be3 0-0 6. Qd2 Nc6 7. 0-0-0 e5 8. d5 Ne7 9. h4 Ne8 10. h5 f5 11. Bh6 f4 12. Bxg7 Kxg7 13. hxg6 Nxg6 14. g3 Nf6 15. Nf3 h6 16. gxf4 exf4 17. Rdg1 Nh7 18. Qd4+ Qf6 19. Qc4 Qe7 20. Rg2 Ng5 21. Nxg5 hxg5 22. Rhg1 Rf6 23. Rxg5 Kh6 24. Rh5+ Kg7 25. Rgh1 Rf7 26. Qd4+ Qf6 27. Rh7+ Kg8 28. Qxf6 Rxf6 29. Rxc7 f3 30. Bd3 Nf4 31. Rhh7 Rg6 32. Rhf7 1-0

[Event "HUN-chT2 Asztalos 1415"]
[Site "Hungary"]
[Date "2015.02.08"]
[Round "6"]
[White "Kiss, Zoltan"]
[Black "Miovecz, Janos"]
[Result "1/2-1/2"]
[WhiteElo "2075"]
[BlackElo "2107"]
[PlyCount "28"]
[EventDate "2014.10.12"]
[EventType "team-tourn"]
[EventRounds "9"]
[EventCountry "HUN"]
[SourceTitle "EXT 2016"]
[Source "ChessBase"]
[SourceDate "2015.10.08"]
[SourceVersion "1"]
[SourceVersionDate "2015.10.08"]
[SourceQuality "1"]
[WhiteTeam "Peti MTE"]
[BlackTeam "Kaposvar Bastya"]
[WhiteTeamCountry "HUN"]
[BlackTeamCountry "HUN"]

1. e4 e5 2. Nf3 Nc6 3. d4 exd4 4. Nxd4 Bc5 5. Be3 Qf6 6. c3 d6 7. Nc2 Bxe3 8. Nxe3 Nge7 9. Nd2 Be6 10. Bc4 Ne5 11. 0-0 Bxc4 12. Ndxc4 Nxc4 13. Qa4+ c6 14. Qxc4 Qe6 1/2-1/2

[Event "Borsod-chT2 1415"]
[Site "Hungary"]
[Date "2015.01.24"]
[Round "5.2"]
[White "Kiss, Zoltan"]
[Black "Burinda, Gabor"]
[Result "0-1"]
[WhiteElo "1915"]
[BlackElo "1772"]
[PlyCount "110"]
[EventDate "2014.09.28"]
[EventType "team-tourn"]
[EventRounds "7"]
[EventCountry "HUN"]
[SourceTitle "EXT 2016"]
[Source "ChessBase"]
[SourceDate "2015.10.08"]
[SourceVersion "1"]
[SourceVersionDate "2015.10.08"]
[SourceQuality "1"]
[WhiteTeam "Tiszaujvaros"]
[BlackTeam "Szendro"]
[WhiteTeamCountry "HUN"]
[BlackTeamCountry "HUN"]

1. e4 c5 2. Nc3 d6 3. Bc4 Nf6 4. f4 Nc6 5. h3 e6 6. Nf3 Bd7 7. d4 cxd4 8. Nxd4 a6 9. Nxc6 Bxc6 10. Qe2 Be7 11. Bd3 Qa5 12. Bd2 Qc7 13. 0-0-0 b5 14. g4 Nd7 15. Rhe1 Nc5 16. g5 Nxd3+ 17. Qxd3 Rc8 18. Kb1 b4 19. Ne2 Bb5 20. c4 bxc3 21. Qxc3 Qxc3 22. Bxc3 0-0 23. Nd4 Ba4 24. Rd3 Rb8 25. h4 Rfc8 26. f5 e5 27. Nc2 Bb5 28. Rg3 Bd8 29. Rd1 Bc7 30. Nb4 Kf8 31. Nd5 Bb6 32. h5 Bc5 33. f6 Be2 34. Rh1 Bf2 35. g6 fxg6 36. hxg6 Bxg3 37. Ne7 Rxc3 38. gxh7 Bd3+ 39. Ka1 Kf7 40. fxg7 Kxg7 41. bxc3 Bxe4 42. Rg1 Kxh7 43. a3 Bf4 44. Ka2 Bd2 45. Rg3 Bc1 46. c4 Bb1+ 47. Ka1 e4 48. Nc6 Rb6 49. Nb4 Bxa3 50. Rxa3 Rxb4 51. c5 Bd3 52. cxd6 Rd4 53. Kb2 Rxd6 54. Kc3 Bb5 55. Ra1 e3 0-1

[Event "HUN-chT2 Asztalos 1415"]
[Site "Hungary"]
[Date "2014.11.30"]
[Round "3"]
[White "Balazs, Adorjan"]
[Black "Kiss, Zoltan"]
[Result "1-0"]
[WhiteElo "2070"]
[BlackElo "2075"]
[PlyCount "101"]
[EventDate "2014.10.12"]
[EventType "team-tourn"]
[EventRounds "9"]
[EventCountry "HUN"]
[SourceTitle "EXT 2016"]
[Source "ChessBase"]
[SourceDate "2015.10.08"]
[SourceVersion "1"]
[SourceVersionDate "2015.10.08"]
[SourceQuality "1"]
[WhiteTeam "Szentlorinc"]
[BlackTeam "Peti MTE"]
[WhiteTeamCountry "HUN"]
[BlackTeamCountry "HUN"]

1. e4 e5 2. Nf3 Nc6 3. Bb5 a6 4. Ba4 Nf6 5. 0-0 Be7 6. Re1 b5 7. Bb3 d6 8. c3 Na5 9. Bc2 c5 10. d4 Qc7 11. h3 0-0 12. Nbd2 Re8 13. d5 Bf8 14. Nf1 g6 15. Ng3 Rb8 16. b3 Bg7 17. Nh2 Bd7 18. Rb1 Nb7 19. f4 exf4 20. Bxf4 Re7 21. Qd2 Rbe8 22. Bg5 h6 23. Bxh6 Bxh6 24. Qxh6 Nxd5 25. Qd2 Nf6 26. Rf1 Nh7 27. Nf3 d5 28. e5 d4 29. Ne4 Kg7 30. Nf6 Nxf6 31. exf6+ Kxf6 32. Qh6 Ke6 33. Ng5+ Kd6 34. Nxf7+ Kc6 35. Rf6+ Re6 36. Qxg6 Nd8 37. cxd4 Kb7 38. Nxd8+ Qxd8 39. Rxe6 Rxe6 40. Qd3 Rd6 41. Qf3+ Bc6 42. Be4 cxd4 43. Bxc6+ Rxc6 44. Rc1 Qf6 45. Qe4 Qh6 46. Qxc6+ Qxc6 47. Rxc6 Kxc6 48. Kf2 Kc5 49. h4 Kb4 50. Ke2 Kc3 51. Kd1 1-0

[Event "HUN-chT2 Breyer 1314"]
[Site "Hungary"]
[Date "2013.09.08"]
[Round "1"]
[White "Juhasz, Mark"]
[Black "Kiss, Zoltan"]
[Result "1-0"]
[WhiteElo "2159"]
[BlackElo "2108"]
[PlyCount "40"]
[EventDate "2013.09.08"]
[EventType "team-tourn"]
[EventRounds "9"]
[EventCountry "HUN"]
[SourceTitle "EXT 2016"]
[Source "ChessBase"]
[SourceDate "2015.10.08"]
[SourceVersion "1"]
[SourceVersionDate "2015.10.08"]
[SourceQuality "1"]
[WhiteTeam "Zsambek"]
[BlackTeam "Pet"]
[WhiteTeamCountry "HUN"]
[BlackTeamCountry "HUN"]

1. c4 Nf6 2. g3 d5 3. cxd5 Nxd5 4. Bg2 c6 5. Nf3 g6 6. 0-0 Bg7 7. d4 0-0 8. Nc3 Nd7 9. e4 Nxc3 10. bxc3 c5 11. Qe2 Re8 12. Rd1 Qc7 13. a4 b6 14. a5 e6 15. axb6 Qxb6 16. Be3 a5 17. Rdb1 Qc7 18. e5 Ba6 19. Qd1 Rab8 20. Ng5 Rxb1 1-0

[Event "HUN-chT2 Szechenyi 1112"]
[Site "Hungary"]
[Date "2012.03.25"]
[Round "8.4"]
[White "Kiss, Zoltan"]
[Black "Biro, Sandor"]
[Result "0-1"]
[WhiteElo "2143"]
[BlackElo "2294"]
[PlyCount "50"]
[EventDate "2011.09.25"]
[EventType "team-tourn"]
[EventRounds "11"]
[EventCountry "HUN"]
[SourceTitle "EXT 2013"]
[Source "ChessBase"]
[SourceDate "2012.11.22"]
[SourceVersion "1"]
[SourceVersionDate "2012.11.22"]
[SourceQuality "1"]
[WhiteTeam "Pet"]
[BlackTeam "Alsoszolnok"]
[WhiteTeamCountry "HUN"]
[BlackTeamCountry "HUN"]

1. e4 e5 2. Nf3 Nc6 3. Bb5 a6 4. Ba4 d6 5. c3 f5 6. d3 Nf6 7. Bg5 Be7 8. Nbd2 0-0 9. 0-0 Qe8 10. exf5 Bxf5 11. Qb3+ Kh8 12. Qxb7 Bd7 13. Bxf6 Rxf6 14. Ne4 Rh6 15. Qxc7 d5 16. Ng3 Rc8 17. Qb6 Nd4 18. Bxd7 Nxf3+ 19. gxf3 Qxd7 20. Qe3 Qh3 21. Rfe1 Bd6 22. Rac1 Rf8 23. c4 e4 24. fxe4 Qxh2+ 25. Kf1 Bxg3 0-1

[Event "HUN-chT2 Szechenyi 1112"]
[Site "Hungary"]
[Date "2012.01.29"]
[Round "5.3"]
[White "Kiss, Zoltan"]
[Black "Hegedus, Zsolt"]
[Result "1/2-1/2"]
[WhiteElo "2143"]
[BlackElo "1832"]
[PlyCount "90"]
[EventDate "2011.09.25"]
[EventType "team-tourn"]
[EventRounds "11"]
[EventCountry "HUN"]
[SourceTitle "EXT 2013"]
[Source "ChessBase"]
[SourceDate "2012.11.22"]
[SourceVersion "1"]
[SourceVersionDate "2012.11.22"]
[SourceQuality "1"]
[WhiteTeam "Pet"]
[BlackTeam "Zalakaros"]
[WhiteTeamCountry "HUN"]
[BlackTeamCountry "HUN"]

1. e4 g6 2. d4 Bg7 3. Nc3 d6 4. Nf3 Bg4 5. Be2 Nf6 6. 0-0 0-0 7. Be3 Nbd7 8. h3 Bxf3 9. Bxf3 e5 10. d5 Ne8 11. Qd3 c5 12. dxc6 bxc6 13. Rad1 Qc7 14. b3 f5 15. exf5 gxf5 16. Nb5 cxb5 17. Bxa8 Nef6 18. Bd5+ Kh8 19. Qxb5 f4 20. Bc1 Qxc2 21. Be6 Rb8 22. Qa6 f3 23. g3 Ne4 24. Bxd7 Nxg3 25. Qxd6 Rg8 26. Rd2 Ne2+ 27. Kh2 Qe4 28. Rdd1 Nxc1 29. Rxc1 Qf4+ 30. Kh1 Bf8 31. Rc4 Qg5 32. Rg4 Bxd6 33. Rxg5 Rxg5 34. Rg1 Rg7 35. Rxg7 Kxg7 36. Bc6 Kf6 37. Bxf3 Kf5 38. Kg2 Kf4 39. Bd5 h6 40. Kf1 Bb4 41. Ke2 Ba3 42. Bf7 Bb4 43. h4 Ba3 44. h5 Bb4 45. a4 a5 1/2-1/2

[Event "HUN-chT2 Szechenyi 0708"]
[Site "Hungary"]
[Date "2008.03.30"]
[Round "9"]
[White "Oltean, Gusztav"]
[Black "Kiss, Zoltan"]
[Result "1/2-1/2"]
[WhiteElo "2122"]
[BlackElo "2214"]
[PlyCount "82"]
[EventDate "2007.10.14"]
[EventType "team"]
[EventRounds "11"]
[EventCountry "HUN"]
[SourceTitle "EXT 2009"]
[Source "ChessBase"]
[SourceDate "2008.11.26"]
[SourceVersion "1"]
[SourceVersionDate "2008.11.26"]
[SourceQuality "1"]
[WhiteTeam "Veszprem"]
[BlackTeam "Peti MTE"]
[WhiteTeamCountry "HUN"]
[BlackTeamCountry "HUN"]

1. c4 Nf6 2. g3 e6 3. Bg2 d5 4. d4 c6 5. Nf3 Bb4+ 6. Bd2 Be7 7. 0-0 a5 8. Bf4 0-0 9. Nc3 Nbd7 10. cxd5 exd5 11. Qc2 Re8 12. Rad1 Nf8 13. Ne5 Bd6 14. e4 dxe4 15. Nxe4 Nxe4 16. Bxe4 Ng6 17. Nxg6 hxg6 18. Bxd6 Qxd6 19. d5 cxd5 20. Bxd5 Qf6 21. Qb3 Rb8 22. Qb5 Rf8 23. Qxa5 Qxb2 24. Qc7 Be6 25. Bxe6 fxe6 26. Rd7 Ra8 27. Qxb7 Qxb7 28. Rxb7 Rxa2 29. f4 Rd8 30. Rf2 Rxf2 31. Kxf2 Rd2+ 32. Kf3 Rxh2 33. Re7 Ra2 34. Rxe6 Kh7 35. Kg4 Rg2 36. Kh4 Rg1 37. g4 Ra1 38. Kg5 Ra5+ 39. Re5 Ra6 40. f5 gxf5 41. Kxf5 Rf6+ 1/2-1/2

[Event "HUN-chT2 Szechenyi 0607"]
[Site "Hungary"]
[Date "2007.05.06"]
[Round "10"]
[White "Kiss, Zoltan"]
[Black "Bartha, Sandor"]
[Result "1/2-1/2"]
[WhiteElo "2218"]
[BlackElo "2147"]
[PlyCount "41"]
[EventDate "2006.11.12"]
[EventType "team"]
[EventRounds "11"]
[EventCountry "HUN"]
[SourceTitle "EXT 2008"]
[Source "ChessBase"]
[SourceDate "2007.11.25"]
[SourceVersion "1"]
[SourceVersionDate "2007.11.25"]
[SourceQuality "1"]
[WhiteTeam "Peti MTE"]
[BlackTeam "Khelyi Spartacus"]
[WhiteTeamCountry "HUN"]
[BlackTeamCountry "HUN"]

1. e4 c5 2. Nf3 d6 3. d4 cxd4 4. Nxd4 Nf6 5. Nc3 a6 6. a4 g6 7. Bd3 Bg7 8. 0-0 0-0 9. Be3 Ng4 10. Qd2 Nxe3 11. Qxe3 Nc6 12. Nxc6 bxc6 13. Ra3 Be6 14. Nd1 Qa5 15. Kh1 Rfb8 16. b3 c5 17. Qe2 Bd4 18. f4 Qb4 19. Ra2 c4 20. bxc4 Rc8 21. c3 1/2-1/2

[Event "HUN-chT2 Szechenyi 0607"]
[Site "Hungary"]
[Date "2007.04.15"]
[Round "8"]
[White "Kiss, Zoltan"]
[Black "Moor, Sandor"]
[Result "1-0"]
[WhiteElo "2218"]
[BlackElo "2108"]
[PlyCount "68"]
[EventDate "2006.11.12"]
[EventType "team"]
[EventRounds "11"]
[EventCountry "HUN"]
[SourceTitle "EXT 2008"]
[Source "ChessBase"]
[SourceDate "2007.11.25"]
[SourceVersion "1"]
[SourceVersionDate "2007.11.25"]
[SourceQuality "1"]
[WhiteTeam "Peti MTE"]
[BlackTeam "Kertvaros"]
[WhiteTeamCountry "HUN"]
[BlackTeamCountry "HUN"]

1. e4 e6 2. d4 d5 3. Nd2 Nf6 4. e5 Nfd7 5. Bd3 c5 6. c3 Nc6 7. Ne2 Qb6 8. Nf3 Be7 9. 0-0 Nf8 10. Rb1 cxd4 11. Nexd4 Ng6 12. Nxc6 bxc6 13. b4 Qc7 14. Re1 Bd7 15. g3 c5 16. h4 c4 17. Bc2 a5 18. h5 Nf8 19. a4 Bc6 20. Nd4 Nd7 21. Qg4 Bf8 22. f4 axb4 23. Nxc6 Qxc6 24. cxb4 Bxb4 25. Qxg7 0-0-0 26. Re2 Rdg8 27. Qxf7 Rxg3+ 28. Kh2 Rhg8 29. Bg6 R3xg6 30. hxg6 Rxg6 31. Rxb4 Qc5 32. Qe8+ Kc7 33. Rb7+ Kxb7 34. Qxd7+ Ka6 1-0

[Event "HUN-chT2 Asztalos 0607"]
[Site "Hungary"]
[Date "2006.12.03"]
[Round "3"]
[White "Somorai, Zsolt"]
[Black "Kiss, Zoltan"]
[Result "1-0"]
[WhiteElo "2122"]
[BlackElo "2218"]
[PlyCount "119"]
[EventDate "2006.11.12"]
[EventType "team"]
[EventRounds "11"]
[EventCountry "HUN"]
[SourceTitle "EXT 2008"]
[Source "ChessBase"]
[SourceDate "2007.11.25"]
[SourceVersion "1"]
[SourceVersionDate "2007.11.25"]
[SourceQuality "1"]
[WhiteTeam "OK Travel"]
[BlackTeam "Szenna Pack II"]
[WhiteTeamCountry "HUN"]
[BlackTeamCountry "HUN"]

1. e4 c5 2. Nf3 Nc6 3. d4 cxd4 4. Nxd4 d6 5. Nc3 Nf6 6. Be3 e5 7. Nf3 Ng4 8. Nd5 Nxe3 9. Nxe3 Be6 10. c3 Be7 11. Bc4 0-0 12. Bd5 Qc7 13. 0-0 Bf6 14. Qe2 Ne7 15. Rfd1 Bxd5 16. Nxd5 Nxd5 17. Rxd5 Be7 18. Rad1 Rad8 19. Nd2 f5 20. exf5 Rxf5 21. Ne4 Qb6 22. Rb5 Qc6 23. Qd3 Rf4 24. Rd5 Qb6 25. Rd2 Rdf8 26. a4 Qb3 27. Rb5 Qxa4 28. Qd5+ Kh8 29. Rb4 Qc6 30. g3 Qxd5 31. Rxd5 Rxe4 32. Rxe4 g5 33. Rc4 Kg7 34. Rc7 Kf6 35. Rxb7 Ke6 36. Ra5 h6 37. Raxa7 Bf6 38. Rh7 d5 39. Rxh6 Kf5 40. Ra5 Ke4 41. Ra6 Be7 42. Rhe6 Bc5 43. Rf6 Rb8 44. b4 Bf8 45. Rf7 d4 46. cxd4 exd4 47. b5 d3 48. Re6+ Kd5 49. Re3 Kc4 50. Rc7+ Bc5 51. Rxd3 Kxd3 52. Rxc5 g4 53. h4 gxh3 54. Kh2 Rh8 55. b6 Ke2 56. b7 Rb8 57. Rc7 Kxf2 58. Rf7+ Ke3 59. Kxh3 Kd4 60. g4 1-0